Statistics for History of Argentina Quiz

Click here to take the quiz!

General Stats

  • This quiz has been taken 152 times
  • The average score is 15 of 20

Answer Stats

QuestionAnswer% Correct
Over what group of islands did it fight against with above?Falkland Islands
98%
What country did Argentina war against in 1982?United Kingdom
98%
What Marxist revolutionary was born in Argentina in 1928?Che Guevara
96%
Which element did the Spanish name Argentina after?Silver
94%
What army general was elected president three times between 1946-1973?Juan Perón
88%
Which archbishop of Buenos Aires began his papacy in 2013?Pope Francis
87%
What nickname was given to the film actress he married in 1945?Evita
85%
What economic number hit 12,000% in 1989?Inflation
83%
He was the central figure in the revolution of which country between 1953-1959?Cuba
76%
Who has won the Ballon d'Or winner six times?Lionel Messi
76%
What was the term for cowboys that lived in the Pampas?Gaucho
76%
What country did Argentina, along with Brazil and Uruguay fight against in the
1860s - in which it lost most of its male population?
Paraguay
74%
From which country did millions immigrate to Argentina between 1857-1940?Italy
74%
What did Argentina become the 10th country to fully legalize nationwide in 2010?Same-Sex Marriage
69%
What name was given to the illegal football goal scored by Diego Maradona
in the 1986 World Cup against England?
Hand of God
66%
Emilio Palma is the first person to be born in what region of the world?Antarctica
53%
What memoir traces the early travels made by the above?The {Motorcycle} Diaries
47%
What notorious Nazi was captured by Israeli agents in Argentina in 1960?Adolf Eichmann
45%
Who is considered to be the "Liberator" of Argentina?José de San {Martín}
45%
What couple served as presidents of Argentina between 2003-2015?Kirchners
44%

Score Distribution

Percentile by Number Answered

Percent of People with Each Score

Your Score History

You have not taken this quiz